| 000 | 00565nam a22001697a 4500 | ||
|---|---|---|---|
| 003 | MACL | ||
| 005 | 20151209140059.0 | ||
| 008 | 151209b xxu||||| |||| 00| 0 eng d | ||
| 040 | _cMACL | ||
| 041 | _aHindi | ||
| 082 | _a741.642 | ||
| 100 |
_aमुकेश नादान और निरूपमा _919859 |
||
| 245 | _aज्ञान पहेलियां | ||
| 260 |
_bएम एन पब्लिशर्स एण्ड डिस्टीब्यूटर _c2002 |
||
| 650 |
_aचिल्डन बुक _9314 |
||
| 942 |
_2ddc _cHIN |
||
| 999 |
_c51472 _d51472 |
||